| 000 | 00919nam a22002651u 4500 | ||
|---|---|---|---|
| 001 | 05817 | ||
| 003 | HDC | ||
| 007 | cr bn --- | ||
| 008 | 210121p xx fo d 00 engg | ||
| 040 | _aHDC | ||
| 110 | _aKEMENTERIAN PERDAGANGAN DALAM NEGERI | ||
| 245 | 0 |
_aPELUANG PEMASARAN KE PASARAYA DAN HYPERMARKET / _b _cby KEMENTERIAN PERDAGANGAN DALAM NEGERI |
|
| 260 |
_a[No place] : _b[publisher not identified] _c2011 |
||
| 300 |
_a14 pages : _bIllustrations |
||
| 336 |
_atext _2rdacontent |
||
| 337 |
_acomputer _2rdamedia |
||
| 338 |
_aonline resource _2rdacarrier |
||
| 650 |
_aBusiness industry _96119 |
||
| 650 |
_aHalal industry _9144 |
||
| 650 |
_aMarketing _9378 |
||
| 856 | _zRequest full-text at [email protected] | ||
| 942 | _2lcc | ||
| 942 | _cSLIDE | ||
| 942 | _kSLID 000616 | ||
| 999 |
_c3141 _d3141 |
||